000 00385nam a2200157Ia 4500
008 230917s9999||||xx |||||||||||||| ||und||
040 _e151445
_aMAIN
041 _aEnglish
082 _a342 U1P
100 _aUpadhyay, Jai Jai Ram
245 0 _aPrashasnik vidhi
250 _a5th ed.
260 _aAllahabad
_bCentral Law Agency
_c2000
300 _axxxiii, 598p p.
942 _cBK
999 _c105477
_d105477